书目信息 |
| 题名: |
休克的综合治疗
|
|
| 作者: | 王一镗 , 林祖庚 编著 | |
| 分册: | ||
| 出版信息: | 南京 江苏科学技术出版社 1978 |
|
| 页数: | 402页 | |
| 开本: | 19cm | |
| 丛书名: | ||
| 单 册: | ||
| 中图分类: | R364 | |
| 科图分类: | ||
| 主题词: | 休克--诊疗 , 病理学 | |
| 电子资源: | ||
| ISBN: | ||
| 000 | 00678nam0 2200241 45 | |
| 001 | 0178000739 | |
| 005 | 20060926105142.95 | |
| 010 | @dCNY1.02 | |
| 091 | @aCN@b14196.005 | |
| 100 | @a19950803d1978 em y0chiy0121 ea | |
| 101 | 0 | @achi |
| 102 | @aCN@b320000 | |
| 105 | @ay z 000yy | |
| 200 | 10 | @a休克的综合治疗@Axiu ke de zong he zhi liao@f王一镗,林祖庚编著@Fwang yi tang,lin zu geng bian zhu |
| 210 | @a南京@c江苏科学技术出版社@d1978 | |
| 215 | @a402页@d19cm | |
| 606 | @a休克@x诊疗 | |
| 606 | 0 | @a病理学 |
| 690 | @aR364@v3 | |
| 701 | 0 | @a王一镗@Awang yi tang@4编著 |
| 701 | 0 | @a林祖庚@Alin zu geng@4编著 |
| 801 | 0 | @aCN@bTSSF@c20060926 |
| 905 | @a10447@dR364@e111 | |
| 休克的综合治疗/王一镗,林祖庚编著.-南京:江苏科学技术出版社,1978 |
| 402页;19cm |
| ISBN :CNY1.02 |
| ● |
| 相关链接 |
|
|
|
|
正题名:休克的综合治疗
索取号:R364/111
 
预约/预借
| 序号 | 登录号 | 条形码 | 馆藏地/架位号 | 状态 | 备注 |
| 1 | 0013065 | 202220337 | 密集书库/ [索取号:R364/111] | 在馆 | |
| 2 | 0422309 | 204223090 | 密集书库/ [索取号:R364/111] | 在馆 |